000 00578nam a2200181Ia 4500
003 GCL
008 140319s9999 xx 000 0 ara d
040 _aGCL /
_cGCL
082 0 4 _a260.92
_bخ و
100 1 _aخالد محمد خالد
245 1 0 _aوالموعد الله : كيف يفكر اهل الله? وفيم يتحدثون? /
_cخالد محمد خالد
300 _a143 ص
490 _aالهيئة العامة للاستعلامات
_v0
650 0 4 _aالتصوف
650 0 4 _aالمتصوفون
650 0 4 _aالتصوف - تاريخ
942 _2ddc
_cBK
999 _c47977
_d47977